PHYSICS EDUCATION (Record no. 135281)

MARC details
000 -LEADER
fixed length control field 00440nam a2200169Ia 4500
003 - CONTROL NUMBER IDENTIFIER
control field OSt
005 - DATE AND TIME OF LATEST TRANSACTION
control field 20221213142952.0
008 - FIXED-LENGTH DATA ELEMENTS--GENERAL INFORMATION
fixed length control field 211109s9999||||xx |||||||||||||| ||und||
040 ## - CATALOGING SOURCE
Transcribing agency SBCL
082 ## - DEWEY DECIMAL CLASSIFICATION NUMBER
Classification number 530.05
Item number NIG-P
100 ## - MAIN ENTRY--PERSONAL NAME
Personal name Nigavekar, A S
245 #0 - TITLE STATEMENT
Title PHYSICS EDUCATION
260 ## - PUBLICATION, DISTRIBUTION, ETC.
Name of publisher, distributor, etc. Wiley Eastern Limited
Place of publication, distribution, etc. Newdelhi
Date of publication, distribution, etc. 1993
630 ## - SUBJECT ADDED ENTRY--UNIFORM TITLE
General subdivision POST GRADUATE REFERENCE
650 ## - SUBJECT ADDED ENTRY--TOPICAL TERM
Topical term or geographic name entry element Natural sciences & mathematics
942 ## - ADDED ENTRY ELEMENTS (KOHA)
Koha item type BOUND VOLUMES
650 ## - SUBJECT ADDED ENTRY--TOPICAL TERM
Form subdivision Physics
Holdings
Withdrawn status Lost status Source of classification or shelving scheme Damaged status Not for loan Home library Current library Date acquired Cost, normal purchase price Serial Enumeration / chronology Inventory number Total Checkouts Full call number Barcode Shelving location Date last seen Price effective from Koha item type Public note
    Dewey Decimal Classification     SB LIBRARY SB LIBRARY 13/12/2022 40.00 VOLUME 16 NUMBER 03 OCTOBER-DECEMBER 1999 VOLUME 16 NUMBER 03 OCTOBER-DECE   530.05 NIG-P16 00105917 PGR - BACK & BOUND VOLUMES 13/12/2022 13/12/2022 BOUND VOLUMES VOLUME 16 NUMBER 03 OCTOBER-DECEMBER 1999

Powered by Koha